000 01019nam a2200265 a 4500
001 000021637
005 20200930011407.0
008 100909s2002 dr a 000 0 spa d
020 _a9993461334
040 _aDO-SdBNP
_bspa
_cBNPHU
082 _a972.9358
_bC346s
100 1 _aCastaño Morales, Juan Luis,
_d1963-
_945016
245 1 0 _aSosúa :
_borigen, fundación y desarrollo /
_cJuan Luis Castaño Morales ; prólogo Pedro Mesón Mena.
260 _aSanto Domingo :
_bBúho,
_c2002.
300 _a141 p. :
_bil. ;
_c22 cm.
500 _aIncluye referencias bibliográficas y notas al pie de páginas
500 _aIncluye índice de cuadros
504 _aBibliografía : p. 135-139
500 _aIncluye datos biográficos del autor en la contracubierta.
650 4 _aCiudades y pueblos
_zRepública Dominicana
_9784
651 4 _aSosúa (República Dominicana{Rpara}
_xHistoria Local
_945017
700 1 2 _aMesón Mena, Pedro,
_epról.
_945018
910 _aValidado. Control de calidad MFF
049 _aBNPD
999 _c21136
_d21136